| 000 | 00000nam##2200000za#4500 |
| 001 | 9.663158 |
| 003 | CaOODSP |
| 005 | 20210615120919 |
| 007 | ta |
| 008 | 150407|2001||||xxc||||| f|0| 0 fre|d |
| 020 | |a0-662-66035-8 |
| 040 | |aCaOODSP|bfre |
| 041 | |aeng |
| 041 | |afre |
| 043 | |an-cn--- |
| 086 | 1 |aM22-139/2001 |
| 110 | 1 |aCanada.|bRessources naturelles Canada. |bSecrétariat du changement climatique. |
| 245 | 10|aRelever le défi: fonds d'action pour le changement climatique (FACC): rapport 1998-2001 |
| 260 | |aOttawa - Ontario : |bRessources naturelles Canada. |c2001. |
| 300 | |aTexte français, 20p. ; |c28 cm. |
| 500 | |a«Le présent document [...] examine les progrès et les réalisations de la première phase du FACC. Les résultats sont regroupés sous les quartes volets intégrés du FACC: Bâtir la fondation; Mesures d'action précoce en matière de technologie (TEAM); Science, impacts et adaptation (SIA); Sensibilisation du public (SP).»--Page 1. |
| 546 | |aBilingue |
| 563 | |aCouverture souple |
| 590 | |a01-45|b2001-11-09 |
| 691 | 07|aClimat|2gcpds |
| 776 | 0#|tRelever le défi - fonds d'action pour le changement climatique (FACC), rapport 1998-2001 |w(CaOODSP)9.642039 |
| 776 | 0#|tResponding to the challenge - the Climate Change Action Fund (CCAF), 1998-2001 report |w(CaOODSP)9.698042 |
| 791 | |tResponding to the challenge: the Climate Change Action Fund (CCAF): 1998-2001 report |eeng|w(CaOODSP)9.663157 |